[Event "Portugal Open 2020"]
[Site "Lisboa POR"]
[Date "2020.01.25"]
[Round "1.90"]
[White "Ruiz Bellón, Manuel"]
[Black "Gama, João Tiago"]
[Result "1-0"]
[WhiteElo "1985"]
[BlackElo "1214"]
[WhiteFideId "32011504"]
[BlackFideId "1961160"]
[WhiteCountry "ESP"]
[BlackCountry "POR"]
[PlyCount "61"]
[EventDate "2020.01.25"]

1. Nf3 c5 2. g3 Nc6 3. Bg2 Nf6 4. c4 g6 5. O-O Bg7 6. d4 cxd4 7. Nxd4 O-O 8. Nc3
Qb6 9. Nb3 d6 10. Be3 Qc7 11. Rc1 Ne5 12. c5 dxc5 13. Bxc5 Rd8 14. Qc2 a6 15.
Na4 Bf5 16. e4 Bg4 17. Bb6 Qxc2 18. Rxc2 Rac8 19. Rc7 Nfd7 20. Rxb7 Rb8 21. Bxd8
Rxb7 22. Bxe7 Nd3 23. h3 Be6 24. Rd1 Bxb3 25. axb3 Rxb3 26. Bf1 N7e5 27. Be2 h6
28. Ba3 Nb4 29. Nc5 Rxa3 30. bxa3 Nbc6 31. Nxa6 1-0

[Event "Portugal Open 2020"]
[Site "Lisboa POR"]
[Date "2020.01.25"]
[Round "1.91"]
[White "Moretti, Filippo"]
[Black "Clemente, António J"]
[Result "1-0"]
[WhiteElo "1969"]
[BlackElo "1163"]
[WhiteFideId "2805001"]
[BlackFideId "1961799"]
[WhiteCountry "ITA"]
[BlackCountry "POR"]
[PlyCount "45"]
[EventDate "2020.01.25"]

1. e4 c6 2. d4 d5 3. Nc3 dxe4 4. Nxe4 Nf6 5. Nxf6+ exf6 6. Bf4 Bd6 7. Bxd6 Qxd6
8. Qd2 Be6 9. Nf3 O-O 10. Be2 Nd7 11. O-O Nb6 12. b3 Nd5 13. c3 Nf4 14. Rfe1
Rfe8 15. Bc4 Bg4 16. Re3 Qd7 17. Rxe8+ Rxe8 18. Qxf4 f5 19. Ne5 Qe7 20. Bxf7+
Kh8 21. Bxe8 Qxe8 22. Nxg4 fxg4 23. Qd2 1-0

[Event "Portugal Open 2020"]
[Site "Lisboa POR"]
[Date "2020.01.25"]
[Round "1.92"]
[White "Dias, Leonardo Ribeiro"]
[Black "Ruiz Viñals, Matias"]
[Result "0-1"]
[WhiteElo "1113"]
[BlackElo "1964"]
[WhiteFideId "1949845"]
[BlackFideId "2252295"]
[WhiteCountry "POR"]
[BlackCountry "ESP"]
[PlyCount "54"]
[EventDate "2020.01.25"]

1. e4 d6 2. d4 Nf6 3. Nc3 g6 4. Be3 c6 5. e5 Ng4 6. Bf4 dxe5 7. dxe5 Qb6 8. Qd2
Bg7 9. Nf3 Nd7 10. Na4 Qc7 11. e6 Nde5 12. Nxe5 Bxe5 13. exf7+ Kxf7 14. Bc4+ Kg7
15. Bg5 Rd8 16. Qc1 Qa5+ 17. Nc3 Bxc3+ 18. bxc3 Qxc3+ 19. Bd2 Qxc4 20. Qb2+ Nf6
21. O-O-O Bf5 22. h4 Rd5 23. h5 Rb5 24. Qc3 Qxa2 25. h6+ Kf7 26. Be3 Rb1+ 27.
Kd2 Ne4+ 0-1

[Event "Portugal Open 2020"]
[Site "Lisboa POR"]
[Date "2020.01.25"]
[Round "1.93"]
[White "Roque, Armando"]
[Black "Guedes, Rui Pedro"]
[Result "1-0"]
[WhiteElo "1960"]
[BlackElo "1109"]
[WhiteFideId "1939149"]
[BlackFideId "1916084"]
[WhiteCountry "POR"]
[BlackCountry "POR"]
[PlyCount "103"]
[EventDate "2020.01.25"]

1. d4 Nf6 2. c4 e6 3. Nc3 Bb4 4. f3 O-O 5. e4 Nc6 6. a3 Be7 7. Be3 d6 8. Bd3 b6
9. Nge2 a5 10. O-O e5 11. d5 Nb8 12. Ng3 Nbd7 13. b4 Bb7 14. Nf5 axb4 15. axb4
Rxa1 16. Qxa1 Re8 17. Qb2 Qa8 18. Ra1 Qc8 19. Qf2 Nh5 20. Qd2 Nf8 21. g4 Nf6 22.
Bg5 Ng6 23. h4 Qd7 24. h5 Nf8 25. h6 g6 26. Nxe7+ Qxe7 27. Ra7 Rb8 28. Nb5 Qd8
29. Nxc7 Qxc7 30. Bxf6 Ra8 31. Qa2 Rxa7 32. Qxa7 Nd7 33. Be7 f6 34. Bxd6 Qxd6
35. Qxb7 Kf8 36. Qc6 Ke7 37. Qxd6+ Kxd6 38. Kf2 Nb8 39. Ke3 Na6 40. c5+ bxc5 41.
Bxa6 cxb4 42. Kd3 Kc5 43. Bc8 g5 44. Bf5 b3 45. Kc3 Kd6 46. Bxh7 Kc5 47. Bf5 Kd6
48. h7 Kc5 49. h8=Q b2 50. Qf8+ Kb6 51. Qb8+ Kc5 52. Qb4# 1-0

[Event "Portugal Open 2020"]
[Site "Lisboa POR"]
[Date "2020.01.25"]
[Round "1.94"]
[White "Moura, Miguel"]
[Black "Heid, Michael"]
[Result "0-1"]
[WhiteElo "1029"]
[BlackElo "1953"]
[WhiteFideId "1963430"]
[BlackFideId "16276949"]
[WhiteCountry "POR"]
[BlackCountry "GER"]
[PlyCount "72"]
[EventDate "2020.01.25"]

1. e4 g6 2. d4 Bg7 3. Nf3 d6 4. Nc3 a6 5. Bc4 e6 6. Bb3 b5 7. Bg5 Ne7 8. O-O Bb7
9. a3 Nd7 10. Re1 h6 11. Bh4 g5 12. Bg3 Ng6 13. Qd3 O-O 14. Rad1 Qe7 15. d5 e5
16. Na2 Nc5 17. Qe3 f5 18. exf5 Rxf5 19. Nd4 exd4 20. Qxe7 Nxe7 21. Rxe7 Rf7 22.
Rde1 Nxb3 23. cxb3 Bxd5 24. Nb4 Bxb3 25. Nc6 Bf6 26. R7e4 d3 27. Ne7+ Bxe7 28.
Rxe7 Rxe7 29. Rxe7 d2 30. f3 d1=Q+ 31. Re1 Qd4+ 32. Bf2 Qxb2 33. h3 Kf7 34. Rd1
Bxd1 35. Bh4 gxh4 36. g4 hxg3 0-1

[Event "Portugal Open 2020"]
[Site "Lisboa POR"]
[Date "2020.01.25"]
[Round "1.95"]
[White "Figueiredo, Mário"]
[Black "Ferreira, Cristina"]
[Result "1-0"]
[WhiteElo "1939"]
[BlackElo "1011"]
[WhiteFideId "1902601"]
[BlackFideId "1963082"]
[WhiteCountry "POR"]
[BlackCountry "POR"]
[PlyCount "69"]
[EventDate "2020.01.25"]

1. d4 d5 2. c4 c6 3. Nf3 Nf6 4. Nc3 g6 5. cxd5 cxd5 6. Bf4 Nc6 7. e3 Bg7 8. Bb5
O-O 9. O-O a6 10. Bxc6 bxc6 11. Ne5 Qb6 12. Na4 Qb5 13. Rc1 Bg4 14. Nxg4 Nxg4
15. Rc5 Qb7 16. Qxg4 f5 17. Qd1 Qb4 18. a3 Qb7 19. Qc2 Rac8 20. Rc1 Rf6 21. Be5
Re6 22. f4 Bf6 23. b4 Qd7 24. Nb6 Qb7 25. Nxc8 Qxc8 26. Rxc6 Rxc6 27. Qxc6 Qxc6
28. Rxc6 h5 29. Bxf6 exf6 30. Rxf6 Kg7 31. Rxa6 Kh6 32. b5 h4 33. b6 Kh5 34. Ra8
h3 35. gxh3 1-0

[Event "Portugal Open 2020"]
[Site "Lisboa POR"]
[Date "2020.01.26"]
[Round "2.1"]
[White "Motylev, Alexander"]
[Black "Rodriguez Lopez, Rafael"]
[Result "1-0"]
[WhiteElo "2640"]
[BlackElo "2212"]
[WhiteFideId "4121830"]
[BlackFideId "2204495"]
[WhiteTitle "GM"]
[BlackTitle "IM"]
[WhiteCountry "RUS"]
[BlackCountry "ESP"]
[PlyCount "75"]
[EventDate "2020.??.??"]

1. Nf3 c5 2. c4 Nc6 3. Nc3 e5 4. e3 Nf6 5. d4 e4 6. Ne5 g6 7. Be2 Bg7 8. Nxc6
dxc6 9. dxc5 Qxd1+ 10. Bxd1 Bf5 11. Bd2 Nd7 12. g4 Be6 13. Nxe4 O-O 14. Be2 Ne5
15. Bc3 Bxg4 16. Bxe5 Bxe5 17. Bxg4 f5 18. Bxf5 gxf5 19. Nd6 b6 20. O-O-O bxc5
21. Rhg1+ Kh8 22. f4 Bf6 23. Nxf5 Bxb2+ 24. Kxb2 Rxf5 25. Rg3 Rf7 26. Kc3 Re8
27. Rd6 Rfe7 28. Kd3 Rb7 29. Rxc6 Rb2 30. Rxc5 Rxa2 31. Rh3 Re7 32. Re5 Rxe5 33.
fxe5 Kg7 34. Rf3 Rxh2 35. c5 Rb2 36. e6 Rb8 37. c6 Rd8+ 38. Ke4 1-0

[Event "Portugal Open 2020"]
[Site "Lisboa POR"]
[Date "2020.01.26"]
[Round "2.2"]
[White "Santos, José Gulherme"]
[Black "Tari, Aryan"]
[Result "0-1"]
[WhiteElo "2211"]
[BlackElo "2635"]
[WhiteFideId "1939300"]
[BlackFideId "1510045"]
[WhiteTitle "NM"]
[BlackTitle "GM"]
[WhiteCountry "POR"]
[BlackCountry "NOR"]
[PlyCount "42"]
[EventDate "2020.??.??"]

1. e4 e5 2. Nf3 Nc6 3. d4 exd4 4. Nxd4 Qf6 5. Nb3 Qg6 6. f3 Bd6 7. g3 Nge7 8.
Nc3 O-O 9. f4 Bb4 10. Bg2 d5 11. exd5 Bg4 12. Qd3 Bf5 13. Qc4 b5 14. Qxb5 Rab8
15. Qc4 Na5 16. Nxa5 Bxa5 17. O-O Bxc2 18. Re1 Bd3 19. Qa4 Bb6+ 20. Kh1 Nf5 21.
g4 Ng3+ 0-1

[Event "Portugal Open 2020"]
[Site "Lisboa POR"]
[Date "2020.01.26"]
[Round "2.3"]
[White "Grigoryan, Karen H"]
[Black "Rego, Pedro"]
[Result "1-0"]
[WhiteElo "2632"]
[BlackElo "2208"]
[WhiteFideId "13301004"]
[BlackFideId "1904310"]
[WhiteTitle "GM"]
[BlackTitle "FM"]
[WhiteCountry "ARM"]
[BlackCountry "POR"]
[PlyCount "66"]
[EventDate "2020.??.??"]

1. d4 d5 2. Bf4 Nf6 3. e3 c5 4. c3 Nc6 5. Nd2 e6 6. Bd3 Bd6 7. Bxd6 Qxd6 8. f4
b6 9. Ngf3 Bb7 10. Ne5 O-O 11. g4 Ne7 12. Qf3 c4 13. Bxc4 Ne4 14. Be2 f6 15. Nd3
a5 16. Nf2 Nxd2 17. Kxd2 e5 18. f5 Bc6 19. Qg3 Nc8 20. Rhg1 Ra7 21. Rae1 Re7 22.
dxe5 fxe5 23. Bd3 e4 24. Be2 Qc5 25. Nh3 Nd6 26. Nf4 Bd7 27. Kc1 Bxf5 28. gxf5
Nxf5 29. Qh3 d4 30. exd4 Nxd4 31. Bg4 Rxf4 32. Qe3 Rxg4 33. Rxg4 Nf3 1-0

[Event "Portugal Open 2020"]
[Site "Lisboa POR"]
[Date "2020.01.26"]
[Round "2.4"]
[White "Poysti, Nathanael"]
[Black "Alekseev, Evgeny"]
[Result "0-1"]
[WhiteElo "2203"]
[BlackElo "2623"]
[WhiteFideId "24622133"]
[BlackFideId "4138147"]
[BlackTitle "GM"]
[WhiteCountry "GER"]
[BlackCountry "RUS"]
[PlyCount "79"]
[EventDate "2020.??.??"]

1. c4 e6 2. Nc3 d5 3. d4 Nf6 4. cxd5 exd5 5. Bg5 c6 6. e3 Bd6 7. Bd3 Nbd7 8. Nf3
O-O 9. Qc2 h6 10. Bh4 Re8 11. O-O Be7 12. Bg3 Bf8 13. Rae1 Nh5 14. Be5 Nhf6 15.
h3 Nxe5 16. Nxe5 Be6 17. f4 Rc8 18. g4 Bd6 19. Qg2 Rc7 20. Rf3 b5 21. g5 hxg5
22. Rg3 g4 23. hxg4 b4 24. Na4 Ne4 25. Rh3 f6 26. Bxe4 dxe4 27. Qxe4 fxe5 28.
fxe5 Bxe5 29. Qh7+ Kf8 30. dxe5 Qg5 31. Qe4 c5 32. Rh8+ Ke7 33. Rxe8+ Kxe8 34.
Qf4 Qxg4+ 35. Qxg4 Bxg4 36. b3 c4 37. bxc4 Rxc4 38. Rb1 Bf5 39. Ra1 Rc2 40. Rb1
0-1

[Event "Portugal Open 2020"]
[Site "Lisboa POR"]
[Date "2020.01.26"]
[Round "2.6"]
[White "Palozza, Christian"]
[Black "Ghamarian, Tigran"]
[Result "1/2-1/2"]
[WhiteElo "2198"]
[BlackElo "2603"]
[WhiteFideId "895580"]
[BlackFideId "13301527"]
[WhiteTitle "FM"]
[BlackTitle "GM"]
[WhiteCountry "ITA"]
[BlackCountry "FRA"]
[PlyCount "138"]
[EventDate "2020.??.??"]

1. d4 Nf6 2. c4 e6 3. Nf3 Bb4+ 4. Bd2 Qe7 5. g3 Bxd2+ 6. Qxd2 Nc6 7. Nc3 d5 8.
cxd5 exd5 9. Bg2 O-O 10. O-O a6 11. Rac1 Na7 12. Ne5 c6 13. Rfe1 Nb5 14. a3 Be6
15. h3 Rfe8 16. e3 Rad8 17. Nxb5 axb5 18. Qb4 Ra8 19. Qxe7 Rxe7 20. Nd3 Nd7 21.
Kh2 Nb6 22. g4 Kf8 23. Kg3 Nc4 24. Re2 Nd6 25. Nb4 f6 26. Bh1 Bf7 27. Bg2 Bg6
28. Bf3 Rae8 29. Rce1 h6 30. Bg2 Bh7 31. f4 Be4 32. Bxe4 Nxe4+ 33. Kf3 g5 34.
Nd3 Kg7 35. Nf2 Nd6 36. e4 dxe4+ 37. Nxe4 Nc4 38. Nc5 Rxe2 39. Rxe2 Rxe2 40.
Kxe2 Nxb2 41. fxg5 fxg5 42. Nxb7 Nc4 43. Kd3 Kf6 44. Nd8 Nxa3 45. Nxc6 Ke6 46.
Nb4 Nc4 47. Nc6 Nd6 48. Nb4 Nc8 49. Ke4 Nd6+ 50. Kd3 Ne8 51. Na6 Kd6 52. Nb4 Nf6
53. Nc2 Nd5 54. Ke4 Ke6 55. Na3 b4 56. Nc4 Nf4 57. h4 b3 58. hxg5 hxg5 59. Nb2
Nd5 60. Na4 Kd6 61. Nb2 Kc6 62. Kf5 Ne3+ 63. Kxg5 Kd5 64. Kf4 Kxd4 65. g5 Nd5+
66. Kf5 Kc3 67. Na4+ Kb4 68. Nb2 Kc3 69. Na4+ Kb4 1/2-1/2

[Event "Portugal Open 2020"]
[Site "Lisboa POR"]
[Date "2020.01.26"]
[Round "2.7"]
[White "Iturrizaga, Eduardo"]
[Black "Pourquet, Matthieu"]
[Result "1-0"]
[WhiteElo "2597"]
[BlackElo "2198"]
[WhiteFideId "3901211"]
[BlackFideId "20654642"]
[WhiteTitle "GM"]
[WhiteCountry "VEN"]
[BlackCountry "FRA"]
[PlyCount "121"]
[EventDate "2020.??.??"]

1. c4 c5 2. Nf3 Nf6 3. Nc3 e6 4. g3 d5 5. cxd5 exd5 6. d4 Nc6 7. Bg2 Be7 8. O-O
O-O 9. dxc5 Bxc5 10. a3 a5 11. Na4 Ba7 12. Bf4 Re8 13. Rc1 Ne4 14. Nc3 Nxc3 15.
Rxc3 Bf5 16. Qb3 Qd7 17. e3 Be4 18. Rd1 h6 19. Ne5 Rxe5 20. Bxe5 Bxg2 21. Kxg2
Nxe5 22. Qxd5 Qe7 23. Qxa5 Nc6 24. Qa4 Re8 25. Rcd3 Qf6 26. R1d2 Re7 27. Rd6 Qf5
28. Qf4 Qxf4 29. gxf4 Bb6 30. b4 Bc7 31. R6d5 Kf8 32. Rb5 Bd8 33. Kf3 g6 34. Rc5
Bb6 35. Rcd5 Bc7 36. Rb5 Bb8 37. a4 Ke8 38. a5 Ba7 39. Rbd5 Rc7 40. Rb2 Rd7 41.
Rxd7 Kxd7 42. Ke4 Ke6 43. Kd3 Kd5 44. b5 Nd8 45. Rc2 Bc5 46. e4+ Kd6 47. Kc4 Ba3
48. Ra2 Bc1 49. a6 bxa6 50. bxa6 Nc6 51. e5+ Kd7 52. a7 Nxa7 53. Rxa7+ Ke6 54.
Ra6+ Ke7 55. Rf6 g5 56. f5 Bf4 57. Kd5 h5 58. h3 h4 59. f3 Bg3 60. Ra6 Bf4 61.
f6+ 1-0

[Event "Portugal Open 2020"]
[Site "Lisboa POR"]
[Date "2020.01.26"]
[Round "2.8"]
[White "Hulshof, Peter"]
[Black "Petrov, Nikita"]
[Result "0-1"]
[WhiteElo "2192"]
[BlackElo "2592"]
[WhiteFideId "1003291"]
[BlackFideId "4101286"]
[BlackTitle "GM"]
[WhiteCountry "NED"]
[BlackCountry "RUS"]
[PlyCount "86"]
[EventDate "2020.??.??"]

1. e4 e5 2. Nf3 Nc6 3. Nc3 Nf6 4. g3 Bc5 5. Bg2 d6 6. d3 a5 7. O-O O-O 8. Be3
Bxe3 9. fxe3 Ne7 10. Nh4 c6 11. Nf5 g6 12. Nxe7+ Qxe7 13. d4 b5 14. a3 Bg4 15.
Qd3 b4 16. Nd1 c5 17. Nf2 Be6 18. d5 Bc8 19. axb4 cxb4 20. Rfc1 Qb7 21. c3 Bd7
22. cxb4 axb4 23. Qb3 Qb6 24. Bf3 Rxa1 25. Rxa1 Rc8 26. Be2 Qc5 27. Qd3 h5 28.
h3 Kg7 29. Kg2 Qc2 30. b3 Qb2 31. Rb1 Qa2 32. Kf3 Bb5 33. Qxb5 Qxb1 34. Qxb4 Rc2
35. Qxd6 Rxe2 36. Kxe2 Qc2+ 37. Kf3 Qxf2+ 38. Kxf2 Nxe4+ 39. Ke2 Nxd6 40. Kd3 f5
41. Kc3 g5 42. Kb4 h4 43. gxh4 g4 0-1

[Event "Portugal Open 2020"]
[Site "Lisboa POR"]
[Date "2020.01.26"]
[Round "2.15"]
[White "Haldorsen, Benjamin"]
[Black "Garcia Dorado, Alberto"]
[Result "1-0"]
[WhiteElo "2463"]
[BlackElo "2152"]
[WhiteFideId "1512633"]
[BlackFideId "2252244"]
[WhiteTitle "IM"]
[BlackTitle "CM"]
[WhiteCountry "NOR"]
[BlackCountry "ESP"]
[PlyCount "65"]
[EventDate "2020.??.??"]

1. e4 e6 2. d4 d5 3. Bd3 dxe4 4. Bxe4 Nf6 5. Bf3 c5 6. Ne2 Nc6 7. Be3 cxd4 8.
Nxd4 Ne5 9. Nc3 a6 10. Qe2 Nxf3+ 11. gxf3 Bb4 12. O-O-O Qe7 13. Ne4 e5 14. Nb3
Nxe4 15. fxe4 O-O 16. Rhg1 Re8 17. a3 Bd6 18. Qd3 Bc7 19. Qc3 f6 20. Nc5 Kh8 21.
h4 Bd6 22. h5 Bxc5 23. Bxc5 Qf7 24. h6 g6 25. f4 exf4 26. Rgf1 Kg8 27. Rxf4 Be6
28. Rxf6 Qc7 29. Rg1 Bf7 30. Rgf1 Re5 31. Rxf7 Qxc5 32. Qxc5 Rxc5 33. Rg7+ 1-0

[Event "Portugal Open 2020"]
[Site "Lisboa POR"]
[Date "2020.01.26"]
[Round "2.23"]
[White "Goluch, Piotr"]
[Black "Ferreira, Hugo"]
[Result "1-0"]
[WhiteElo "2413"]
[BlackElo "2109"]
[WhiteFideId "1137840"]
[BlackFideId "1915940"]
[WhiteTitle "IM"]
[WhiteCountry "POL"]
[BlackCountry "POR"]
[PlyCount "75"]

1. d4 Nf6 2. Nf3 e6 3. c4 b6 4. g3 Bb7 5. Bg2 Be7 6. O-O O-O 7. Nc3 d6 8. Qc2 c5
9. d5 exd5 10. Nh4 Nc6 11. cxd5 Nd4 12. Qd1 Ne8 13. Qd3 Bxh4 14. gxh4 Nc7 15.
Bg5 Qd7 16. Qg3 f5 17. e3 Nc2 18. Rac1 Nb4 19. Rfd1 c4 20. Rd4 Nd3 21. Rc2 b5
22. Rd2 Ne5 23. f4 Ng4 24. h5 Nf6 25. h6 Rae8 26. hxg7 Qxg7 27. Nd1 Ne4 28. Bxe4
Rxe4 29. Rxe4 fxe4 30. Nc3 Kh8 31. Rg2 h6 32. Qh4 Kh7 33. Be7 Qf7 34. Bxf8 Qxf8
35. Qh5 b4 36. Nxe4 Bxd5 37. Qg6+ Kh8 38. Nf6 1-0

[Event "Portugal Open 2020"]
[Site "Lisboa POR"]
[Date "2020.01.26"]
[Round "2.26"]
[White "Maloberti, David"]
[Black "Alshameary Puente, Ismael"]
[Result "0-1"]
[WhiteElo "2017"]
[BlackElo "2385"]
[WhiteFideId "620149"]
[BlackFideId "2225166"]
[BlackTitle "IM"]
[WhiteCountry "FRA"]
[BlackCountry "ESP"]
[PlyCount "134"]

1. d4 Nf6 2. c4 e6 3. Nf3 Bb4+ 4. Bd2 Qe7 5. a3 Bxd2+ 6. Nbxd2 d6 7. e4 e5 8. d5
O-O 9. Bd3 Nh5 10. g3 Nd7 11. O-O Nc5 12. Bc2 Bh3 13. Re1 a5 14. b4 axb4 15.
axb4 Na6 16. Qb1 g6 17. Re3 f5 18. Rea3 Rab8 19. Bd3 f4 20. Qb3 Bg4 21. Be2 Rf7
22. c5 fxg3 23. hxg3 dxc5 24. d6 cxd6 25. Bc4 Rbf8 26. b5 Nc7 27. Bxf7+ Rxf7 28.
b6 Ne6 29. Qe3 Kg7 30. Nh2 Bh3 31. Ra8 Nd4 32. R1a7 Nc6 33. Ra4 Bd7 34. Nhf3 h6
35. Ra3 Nf6 36. Nh2 Nd4 37. R3a7 Bc6 38. Rc8 Qe6 39. Raa8 Qh3 40. Rc7 Ne6 41.
Rxf7+ Kxf7 42. Rc8 Nd4 43. Rc7+ Ke6 44. Nhf3 Nxf3+ 45. Qxf3 c4 46. Qc3 Nxe4 47.
Qxc4+ Bd5 48. Qa4 Nf6 49. f3 Qxg3+ 50. Kf1 Qh3+ 51. Kg1 Qg3+ 52. Kf1 Qf4 53. Qa8
Kf5 54. Ke2 Qh2+ 55. Kd3 Qf2 56. Qc8+ Kg5 57. Qh3 h5 58. Re7 Qxb6 59. Qg3+ Kh6
60. Ke2 Qb5+ 61. Ke1 Qb4 62. Rc7 Qb6 63. Rc8 Qe3+ 64. Kd1 Ne4 65. Nxe4 Bxe4 66.
Rf8 d5 67. Qh3 Bc2+ 0-1

[Event "Portugal Open 2020"]
[Site "Lisboa POR"]
[Date "2020.01.26"]
[Round "2.31"]
[White "Botelho, Luís"]
[Black "Sabuk, Piotr"]
[Result "0-1"]
[WhiteElo "1987"]
[BlackElo "2360"]
[WhiteFideId "1904981"]
[BlackFideId "1137565"]
[BlackTitle "IM"]
[WhiteCountry "POR"]
[BlackCountry "POL"]
[PlyCount "36"]

1. e4 e5 2. Nf3 Nc6 3. d4 exd4 4. Bc4 Bc5 5. c3 Nf6 6. e5 d5 7. Bb5 Ne4 8. Nxd4
O-O 9. Bxc6 bxc6 10. O-O f6 11. b4 fxe5 12. Nxc6 Bxf2+ 13. Rxf2 Nxf2 14. Qe2 Qf6
15. Nxe5 Ba6 16. b5 Rae8 17. bxa6 Rxe5 18. Be3 Rxe3 0-1

[Event "Portugal Open 2020"]
[Site "Lisboa POR"]
[Date "2020.01.26"]
[Round "2.43"]
[White "Grabuzova, Tatiana"]
[Black "Saltão, João"]
[Result "1/2-1/2"]
[WhiteElo "2284"]
[BlackElo "1912"]
[WhiteFideId "4108752"]
[BlackFideId "1907875"]
[WhiteTitle "WGM"]
[WhiteCountry "RUS"]
[BlackCountry "POR"]
[PlyCount "135"]
[EventDate "2020.??.??"]

1. d4 d5 2. c4 c6 3. Nf3 Nf6 4. Nc3 Bf5 5. cxd5 Nxd5 6. e3 e6 7. Be2 Bd6 8. O-O
Nd7 9. Re1 O-O 10. Bf1 Nxc3 11. bxc3 e5 12. e4 Bg4 13. h3 Bxf3 14. Qxf3 Qf6 15.
Qxf6 gxf6 16. Be2 Rfe8 17. Bg4 Nf8 18. Bh6 c5 19. d5 Ng6 20. g3 Red8 21. a4 Rab8
22. Reb1 Ne7 23. c4 Nc8 24. a5 Bc7 25. Be2 Nd6 26. Bd3 b6 27. axb6 axb6 28. Ra7
Rb7 29. Rba1 Rdb8 30. f4 Rxa7 31. Rxa7 Rb7 32. Ra8+ Rb8 33. Ra6 b5 34. cxb5 c4
35. Bc2 Bb6+ 36. Kf1 Nxb5 37. Ra4 Rc8 38. Rb4 Nd4 39. Rxb6 Nxc2 40. Rc6 Ra8 41.
fxe5 fxe5 42. Rxc4 Nd4 43. Rc7 f5 44. Rg7+ Kh8 45. Re7 fxe4 46. Rxe5 e3 47. Rxe3
Nf5 48. Re6 Rd8 49. Bf4 Rxd5 50. g4 Nh4 51. Bh6 Rd8 52. Re7 Ng6 53. Ra7 Kg8 54.
Kf2 Rd3 55. Be3 Rb3 56. Kf3 Rb4 57. Ra5 Kg7 58. Rd5 Nh4+ 59. Kg3 Rb3 60. Re5 Ng6
61. Re4 Rb5 62. h4 h5 63. g5 Kf7 64. Kf3 Rb3 65. Kg2 Nxh4+ 66. Rxh4 Rxe3 67.
Rxh5 Kg6 68. Rh3 1/2-1/2

[Event "Portugal Open 2020"]
[Site "Lisboa POR"]
[Date "2020.01.26"]
[Round "2.44"]
[White "Lopez De Turiso, José Angel"]
[Black "Fidalgo, André"]
[Result "0-1"]
[WhiteElo "1893"]
[BlackElo "2282"]
[WhiteFideId "2207680"]
[BlackFideId "1933620"]
[BlackTitle "NM"]
[WhiteCountry "ESP"]
[BlackCountry "POR"]
[PlyCount "126"]
[EventDate "2020.??.??"]

1. d4 Nf6 2. c4 c5 3. Nf3 cxd4 4. Nxd4 g6 5. Nc3 Nc6 6. g3 Bg7 7. Bg2 O-O 8. O-O
Nxd4 9. Qxd4 d6 10. Bg5 h6 11. Bxf6 Bxf6 12. Qe3 Bg7 13. Rfd1 Bxc3 14. Qxc3 Qc7
15. Rac1 Be6 16. c5 dxc5 17. Qxc5 Qxc5 18. Rxc5 Rfd8 19. Rdc1 Rd2 20. R5c2 Rad8
21. Bxb7 Bxa2 22. b4 Be6 23. Be4 Rxc2 24. Rxc2 Rb8 25. Rc7 Rxb4 26. f3 a5 27.
Ra7 a4 28. Kf2 Kg7 29. Ke1 Bb3 30. Kd2 Kf6 31. Kc3 Rb8 32. Bd3 g5 33. h4 gxh4
34. gxh4 Rc8+ 35. Kb2 Rc5 36. Ra6+ e6 37. Rb6 Bc4 38. Rb4 Bxd3 39. exd3 Rf5 40.
Rxa4 Rxf3 41. Kc3 Kf5 42. Ra7 Kg4 43. Kd2 Kxh4 44. Ke2 Rf5 45. Ke3 h5 46. Ra1
Kg5 47. Rg1+ Kf6 48. Rh1 Kg5 49. Rg1+ Kh4 50. Ke4 Kh3 51. Rg7 h4 52. d4 Rf1 53.
d5 Re1+ 54. Kd3 exd5 55. Rxf7 Kg2 56. Rg7+ Kh2 57. Rg5 Rg1 58. Rh5 h3 59. Ke2 d4
60. Kf3 Rg3+ 61. Kf2 d3 62. Rd5 d2 63. Rh5 Rg2+ 0-1

[Event "Portugal Open 2020"]
[Site "Lisboa POR"]
[Date "2020.01.26"]
[Round "2.45"]
[White "Rafael, Manuel"]
[Black "Gahan, M G"]
[Result "0-1"]
[WhiteElo "1727"]
[BlackElo "2245"]
[WhiteFideId "1921533"]
[BlackFideId "5027373"]
[BlackTitle "FM"]
[WhiteCountry "POR"]
[BlackCountry "IND"]
[PlyCount "40"]
[EventDate "2020.??.??"]

1. d4 Nf6 2. c4 e5 3. d5 c6 4. Nc3 Bb4 5. Qb3 Bxc3+ 6. Qxc3 O-O 7. Bg5 cxd5 8.
Bxf6 Qxf6 9. cxd5 d6 10. e4 Qg6 11. f3 f5 12. Qc2 fxe4 13. fxe4 Nd7 14. Ne2 Nf6
15. Nc3 Ng4 16. Nd1 Nxh2 17. Qd3 Nxf1 18. Rxf1 Qxg2 19. Rxf8+ Kxf8 20. Ne3 Qxb2
0-1

[Event "Portugal Open 2020"]
[Site "Lisboa POR"]
[Date "2020.01.26"]
[Round "2.46"]
[White "Corbalán Gómez, Juan José"]
[Black "Gonçalves, Gabriel"]
[Result "1/2-1/2"]
[WhiteElo "2243"]
[BlackElo "1888"]
[WhiteFideId "2260492"]
[BlackFideId "1945610"]
[WhiteCountry "ESP"]
[BlackCountry "POR"]
[PlyCount "176"]
[EventDate "2020.01.25"]

1. Nf3 f5 2. d4 Nf6 3. c4 e6 4. g3 Be7 5. Bg2 O-O 6. O-O d6 7. Nc3 a5 8. Re1 Ne4
9. Qc2 Nc6 10. a3 Nxc3 11. Qxc3 Bf6 12. Rd1 Qe7 13. Qc2 e5 14. dxe5 dxe5 15. e3
Rd8 16. Rxd8+ Qxd8 17. Bd2 e4 18. Ne1 Be6 19. Rd1 Qe7 20. Bc3 Bxc3 21. Qxc3 Rd8
22. Rxd8+ Qxd8 23. Qc2 Qd6 24. Bf1 b6 25. Be2 Ne5 26. Qc3 c5 27. Kg2 Bd7 28. Kf1
g5 29. Qc2 Bc6 30. Kg1 h6 31. Kf1 Kg7 32. Qb3 Bb7 33. Qc3 Kg8 34. Qc2 Kg7 35. b3
Kg8 36. Qb2 g4 37. Qc2 Ba6 38. a4 Bb7 39. Ng2 Ng6 40. Qc3 Bc6 41. Ke1 Bb7 42.
Bd1 Bc6 43. Bc2 Bb7 44. Bd1 Bc6 45. Be2 Bb7 46. Kf1 Bc6 47. Ne1 Ne5 48. Qc2 Bb7
49. Qd1 Qxd1 50. Bxd1 h5 51. Be2 Kf7 52. Nc2 Ke6 53. Ke1 Kd6 54. Kd2 Ba6 55. Ne1
Bb7 56. Ng2 Ng6 57. Bd1 Bc6 58. Be2 Bb7 59. Bf1 Bc6 60. Ne1 Ne5 61. Bg2 Bb7 62.
h3 Bc6 63. hxg4 hxg4 64. Kc3 Bb7 65. Bf1 Bc6 66. Ng2 Ng6 67. Be2 Be8 68. Kd2 Ke6
69. Bd1 Bc6 70. Ke1 Kf6 71. Kf1 Kg5 72. Ne1 Ne5 73. Nc2 Kf6 74. Na3 Ke6 75. Nb1
Kd6 76. Nc3 Ke6 77. Bc2 Nf3 78. Ne2 Ne5 79. Nf4+ Kf6 80. Ke2 Ng6 81. Ng2 Be8 82.
Bd1 Bc6 83. Kd2 Be8 84. Be2 Bc6 85. Ne1 Ke6 86. Nc2 Kd6 87. Na3 Ne5 88. Nb1 Ng6
1/2-1/2

[Event "Portugal Open 2020"]
[Site "Lisboa POR"]
[Date "2020.01.26"]
[Round "2.48"]
[White "Hill, Alistair"]
[Black "Counhago, Edgar"]
[Result "1-0"]
[WhiteElo "2217"]
[BlackElo "1682"]
[WhiteFideId "432407"]
[BlackFideId "1964275"]
[WhiteCountry "ENG"]
[BlackCountry "POR"]
[PlyCount "43"]
[EventDate "2020.01.25"]

1. c4 g6 2. d4 Bg7 3. e4 d6 4. Nc3 Nf6 5. Nge2 O-O 6. Ng3 h5 7. Be2 e5 8. d5 a6
9. Bg5 c5 10. h4 Qa5 11. Qd2 Nbd7 12. f3 Kh7 13. Nf1 Rh8 14. g4 hxg4 15. fxg4
Nf8 16. h5 gxh5 17. gxh5 Ng8 18. h6 Bf6 19. Bxf6 Nxf6 20. Qg5 Ne8 21. Qe7 Qc7
22. Qxe8 1-0

[Event "Portugal Open 2020"]
[Site "Lisboa POR"]
[Date "2020.01.26"]
[Round "2.49"]
[White "Babo, Miguel"]
[Black "Mihajlov, Sebastian"]
[Result "0-1"]
[WhiteElo "1796"]
[BlackElo "2374"]
[WhiteFideId "1901567"]
[BlackFideId "1512110"]
[BlackTitle "IM"]
[WhiteCountry "POR"]
[BlackCountry "NOR"]
[PlyCount "101"]
[EventDate "2020.01.25"]

1. d4 Nf6 2. Nf3 c5 3. e3 g6 4. Nbd2 Bg7 5. c3 b6 6. Be2 Bb7 7. O-O O-O 8. a4 d6
9. b4 Nbd7 10. Bb2 a6 11. Qb3 Qc7 12. Rac1 e5 13. Rfd1 Bd5 14. Bc4 Bxc4 15. Nxc4
e4 16. Ne1 d5 17. Nd2 c4 18. Qc2 Ng4 19. Nf1 f5 20. g3 Rae8 21. Ng2 Ndf6 22. b5
a5 23. Rb1 Nh5 24. Bc1 Bh6 25. Qd2 Qd7 26. Rb2 Ng7 27. Qe1 Ne6 28. h4 Rf7 29.
Nh2 Bf8 30. Qe2 Nf6 31. Ra2 Bd6 32. Rf1 h6 33. Nf4 Nf8 34. Ba3 Bxa3 35. Rxa3 g5
36. Ng2 Ng6 37. h5 Nf8 38. Ra2 Rg7 39. Re1 Qf7 40. g4 fxg4 41. Nxg4 Nxg4 42.
Qxg4 Qf3 43. Qg3 Re6 44. Qh2 Nd7 45. Rf1 Nf6 46. Qb8+ Kh7 47. Qc8 Rge7 48. Ne1
Qg4+ 49. Ng2 Qxh5 50. Qb8 Ng4 51. f4 0-1